[Event "Klatovy op-B 22nd"]
[Site "Klatovy"]
[Date "2016.07.07"]
[Round "6"]
[White "Kotal, Petr"]
[Black "Gorbunov, Alexander1111"]
[Result "1-0"]
[WhiteElo "1558"]
[BlackElo "1353"]
[PlyCount "57"]
[EventDate "2016.07.02"]
[EventType "swiss"]
[EventRounds "9"]
[EventCountry "CZE"]
[SourceTitle "EXT 2019"]
[Source "ChessBase"]
[SourceDate "2018.10.10"]
[SourceVersion "1"]
[SourceVersionDate "2018.10.10"]
[SourceQuality "1"]

1. d4 d5 2. Bg5 Nf6 3. e3 Bg4 4. Nf3 c6 5. Nbd2 Nbd7 6. Be2 e6 7. 0-0 Be7 8. c4 dxc4 9. Nxc4 0-0 10. Rc1 Nd5 11. Bxe7 Qxe7 12. Qb3 N7b6 13. Nce5 Bh5 14. Rfe1 f6 15. Nd3 Kh8 16. e4 Nc7 17. Nf4 Bxf3 18. Bxf3 Rad8 19. Bg4 Rxd4 20. Qh3 Kg8 21. Bxe6+ Nxe6 22. Nxe6 Rd2 23. Nxf8 Qxf8 24. Qc3 Qd6 25. Qb3+ Kh8 26. Rcd1 Nc4 27. Rxd2 Nxd2 28. Qc2 Qf4 29. Rd1 1-0